000 00827nam a2200253Ia 4500
003 OSt
005 20220925203602.0
006 a|||||r|||| 00| 0
007 ta
008 220923b |||||||| |||| 00| 0 eng d
020 _a9780262661874
_c1797.65
037 _b2190, 06/12/2019, Dhanraj Book House
_cGeneral Book
040 _aRTL
_cRTL
_beng
041 _2eng
_aeng
082 _aU:(G:55):(Z).73, P2
100 _aPELLOW David Naguib
_9266566
245 0 _aGarbage wars
_b The struggle for environmental justice in Chicago.
260 _aEngland
_bMIT Press
_c2004
300 _aix,234p.
_ccm.
500 _aBibliography: p 207-227
650 _aSociology
942 _hU:(G:55):(Z).73, P2
_cGB
_2CC
999 _c547050
_d547050